000
00290nam a2200109Ia 4500
008
210430s9999 xx 000 0 und d
082
_a
355.033547 G212S
100
_a
Raymond L. Garthoff
_9
54587
245
_a
Soviet Military Policy
_c
Raymond L. Garthoff
300
_a
276
942
_c
BK
_2
ddc
999
_c
565213
_d
565213